01211cam 22003131 4500001000800000005001700008008004100025035002100066906004500087010001700132035001800149040002700167050002300194082001100217100004500228245011700273250001300390260003300403300002300436440005100459504007800510650005700588650005800645650004500703700004800748985002100796991005100817099002900868882534619980421192821.0720616s1949 nyu b 000 0 eng  9(DLC) 49009906 a7bcbccoclcrplduencipf19gy-gencatlg a 49009906  a(OCoLC)334926 aDLCcOTifHdOCoLCdDLC00aPS504b.A62 vol. 1 a810.821 aSpiller, Robert Ernest,d1896- eed.14aThe roots of national culture,bAmerican literature to 1830,cedited by Robert E. Spiller [and] Harold Blodgett. aRev. ed. aNew York,bMacmillan,c1949. axv, 998 p.c22 cm. 0aAmerican literature: a period anthologyv[v.1] a"Notes," containing biographical sketches and bibliographies: p. 893-992. 0aAmerican literatureyColonial period, ca. 1600-1775. 0aAmerican literatureyRevolutionary period, 1775-1783. 0aAmerican literatureyEarly 19th century.1 aBlodgett, Harold William,d1900-ejoint ed. eOCLC REPLACEMENT bc-GenCollhPS504i.A62 vol. 1tCopy 1wOCLCREP aspiller-roots-1072273581